Χρήμα / Τυχερά Παίγνια: Λαμπρό το Μέλλον για την Ελληνική Αγορά (Record no. 9163)
[ view plain ]
| 000 -LEADER | |
|---|---|
| fixed length control field | 01337cam a22001814a 4500 |
| 005 - ΗΜΕΡΟΜΗΝΙΑ ΚΑΙ ΩΡΑ ΤΕΛΕΥΤΑΙΑΣ ΕΝΗΜΕΡΩΣΗΣ | |
| Πεδίο ελέγχου | 20250605164355.0 |
| 008 - FIXED-LENGTH DATA ELEMENTS--GENERAL INFORMATION | |
| Πεδίο ελέγχου σταθερού μήκους | 250528s ||||||||||||||||||||||||d |
| 035 ## - SYSTEM CONTROL NUMBER | |
| System control number | 24273 |
| 040 ## - ΠΗΓΗ ΚΑΤΑΛΟΓΟΓΡΑΦΗΣΗΣ | |
| Φορέας πρωτότυπης καταλογογράφησης | MC Athens Campus Library |
| Γλώσσα καταλογογράφησης | Ελληνικά, Μοντέρνα (1453-) |
| Modifying agency | MC Athens Campus Library |
| Κανόνες περιγραφικής καταλογογράφησης | AACR2 |
| 245 1# - ΤΙΤΛΟΣ ΚΑΙ ΔΗΛΩΣΗ ΥΠΕΥΘΥΝΟΤΗΤΑΣ | |
| Τίτλος | Χρήμα / Τυχερά Παίγνια: Λαμπρό το Μέλλον για την Ελληνική Αγορά |
| 260 ## - PUBLICATION, DISTRIBUTION, ETC. | |
| Name of publisher, distributor, etc. | Ethos Media, |
| Date of publication, distribution, etc. | 2021 |
| 300 ## - PHYSICAL DESCRIPTION | |
| Extent | 80 |
| 520 ## - SUMMARY, ETC. | |
| Summary, etc. | Επαγγελματικά Ταμεία: H 'Επόμενη Ημέρα' της Επαγγελματικής Ασφάλισης, Βιομηχανία Τροφίμων και Ποτών: Πυλώνας Στήριξης και Ανάπτυξης, Εξαγωγές: Ανθεκτικές οι Ελληνικές Εξαγωγές, Πράσινη Χρηματοδότηση: Φθηνά Δάνεια για Πράσινες Επενδύσεις, Auto Forum: Τα Επόμενα Βήματα για τον 'Εξηλεκτρισμό' της Αυτοκίνησης, Εν Αρχή: ¨Ταμείο Ανάκαμωης - 'Ωδίνες' πριν τις Εκταμιεύσεις, Ανάλυση VRS: Digital Realty, Δια Ταύτα: Οφέλη για Ελληνικούς Ομίλους από το 'Biden's 2T Package. |
| 700 1# - ΠΡΟΣΘΕΤΗ ΑΝΑΓΡΑΦΗ--ΦΥΣΙΚΟ ΠΡΟΣΩΠΟ | |
| Personal name | Ουζούνη Κωνσταντίνος |
| 9 (RLIN) | 9441 |
| 942 ## - ADDED ENTRY ELEMENTS (KOHA) | |
| Koha item type | Περιοδικά Δημοσιεύματα |
| Τύπος τεκμηρίου | Βιβλιοθήκη | Τρέχουσα τοποθεσία | Barcode | Ημερομηνία απόκτησης | Ταξιθετικό σύμβολο | Αριθμός αντιτύπου | Αρίθμηση σειρών / χρονολογία | Κατάσταση απόσυρσης | Κατάσταση χαμένου | Κατάσταση κατεστραμμένου | Μη δανεισμός | Σύνολο δανεισμών | Ημερομηνία τελευταίας εμφάνισης | Η τιμή ισχύει από |
|---|---|---|---|---|---|---|---|---|---|---|---|---|---|---|
| Περιοδικά Δημοσιεύματα | MC Athens Campus Library | MC Athens Campus Library | 9780000091628 | 05/06/2025 | ΧΡΗΜΑ | 1 | 451 | 05/06/2025 | 05/06/2025 |